| 000 | 01990cam a22004454a 4500 | ||
|---|---|---|---|
| 001 | 15002199 | ||
| 003 | OSt | ||
| 005 | 20211221153537.0 | ||
| 008 | 070911s2008 gaua 001 0 eng | ||
| 010 | _a 2007037433 | ||
| 020 | _a0881735752 (alk. paper) | ||
| 020 | _a1420073273 | ||
| 020 | _a0881735760 (electronic) | ||
| 020 | _a9780881735765 (electronic) | ||
| 020 | _a1420073273 (distributor Taylor & Francis : alk. paper) | ||
| 020 | _a9781420073270 (distributor Taylor & Francis : alk. paper) | ||
| 035 | _a(OCoLC)ocn171152407 | ||
| 035 |
_a(OCoLC)171152407 _z(OCoLC)181142655 |
||
| 038 | _akhadija | ||
| 040 |
_aDLC _cDLC _dC#P _dBWX _dYDXCP _dBTCTA _dBAKER _dDLC |
||
| 050 | 0 | 0 |
_aTJ163.3 _b.V35 2008 |
| 082 | 0 | 0 |
_a696 _222 _bVAI |
| 100 | 1 |
_aVaillencourt, Richard, _d1951- _986889 |
|
| 245 | 1 | 0 |
_aSimple solutions to energy calculations / _cRichard Vaillencourt. |
| 250 | _a4th ed. | ||
| 260 |
_aLilburn, GA : _bFairmont Press ; _aBoca Raton, FL : _bCRC Press, _cc2008. |
||
| 300 |
_axi, 219 p. : _bill. ; _c24 cm. |
||
| 500 | _aIncludes index. | ||
| 505 | 0 | _aThe walk through audit -- Simple thermodynamics -- Lighting -- Pumps -- Fans -- Motors -- Insulation -- Fuel switching -- Heat recovery -- Heating, venting, and air conditioning -- Summary of calculations -- Energy myths and magic : an examination of conservation measures and calculations. | |
| 563 | _aHB | ||
| 650 | 0 |
_aEnergy conservation. _986890 |
|
| 650 | 0 |
_aEnergy auditing _xMathematics. _986891 |
|
| 650 | 0 |
_aEnergy auditing. _986892 |
|
| 650 | 0 |
_aEngineering mathematics _vFormulae. _986893 |
|
| 856 | 4 | 2 |
_3Publisher description _uhttp://www.loc.gov/catdir/enhancements/fy0801/2007037433-d.html |
| 856 | 4 | 1 |
_3Table of contents _uhttp://www.loc.gov/catdir/toc/fy0804/2007037433.html |
| 906 |
_a7 _bcbc _corignew _d1 _eecip _f20 _gy-gencatlg |
||
| 942 |
_2ddc _cBK |
||
| 999 |
_c32538 _d32538 |
||